<?xml version="1.0" encoding="utf-8"?>
<?xml-stylesheet type='text/xsl' href='./oai2.xsl'?>
<OAI-PMH xmlns="http://www.openarchives.org/OAI/2.0/" xmlns:xsi="http://www.w3.org/2001/XMLSchema-instance" xsi:schemaLocation="http://www.openarchives.org/OAI/2.0/ http://www.openarchives.org/OAI/2.0/OAI-PMH.xsd">
  <responseDate>2026-06-06T21:28:54Z</responseDate>
  <request verb="GetRecord" metadataPrefix="marcxml" identifier="record_kuniweb_2521183">https://kulturerbe.niedersachsen.de/oai</request>
  <GetRecord>
    <record>
      <header>
        <identifier>record_kuniweb_2521183</identifier>
        <datestamp>2026-03-31T19:09:18Z</datestamp>
        <setSpec>slg0175</setSpec>
      </header>
      <metadata>
        <marc:record xmlns:marc="http://www.loc.gov/MARC21/slim" xsi:schemaLocation="http://www.loc.gov/MARC21/slim http://www.loc.gov/standards/marcxml/schema/MARC21slim.xsd">
          <marc:leader>12345nkm  22     uu 4500</marc:leader>
          <marc:controlfield tag="001">2521183</marc:controlfield>
          <marc:controlfield tag="003">http://kuniweb.gbv.de</marc:controlfield>
          <marc:controlfield tag="005">2025-04-23T11:20:28</marc:controlfield>
          <marc:controlfield tag="008">|           ||||||||||||||||||||||</marc:controlfield>
          <marc:datafield tag="245" ind1="1" ind2="0">
            <marc:subfield code="a">La nascita di Gesù</marc:subfield>
          </marc:datafield>
          <marc:datafield tag="720" ind1=" " ind2=" ">
            <marc:subfield code="a">Giotto, di Bondone</marc:subfield>
          </marc:datafield>
          <marc:datafield tag="720" ind1=" " ind2=" ">
            <marc:subfield code="a">Gustav-Schauer-Kunstverlag (Berlin)</marc:subfield>
          </marc:datafield>
          <marc:datafield tag="655" ind1=" " ind2="7">
            <marc:subfield code="a">Fotografie</marc:subfield>
          </marc:datafield>
          <marc:datafield tag="046" ind1=" " ind2=" ">
            <marc:subfield code="k">1865</marc:subfield>
            <marc:subfield code="k">ca. 1865 - ca. 1880 (Fotografie Schauers nach einem Kupferstich nach Giotto)</marc:subfield>
            <marc:subfield code="l">1880</marc:subfield>
          </marc:datafield>
          <marc:datafield tag="260" ind1=" " ind2=" ">
            <marc:subfield code="g">1865</marc:subfield>
            <marc:subfield code="g">1880</marc:subfield>
            <marc:subfield code="g">ca. 1865 - ca. 1880 (Fotografie Schauers nach einem Kupferstich nach Giotto)</marc:subfield>
          </marc:datafield>
          <marc:datafield tag="300" ind1=" " ind2=" ">
            <marc:subfield code="a">Höhe: 84 mm (Fotografie im Passepartout)
Breite: 52 mm (Fotografie im Passepartout)
Höhe: 200 mm (Passepartout)
Breite: 149 mm (Passepartout)</marc:subfield>
          </marc:datafield>
          <marc:datafield tag="520" ind1=" " ind2=" ">
            <marc:subfield code="a">Fotografie aus einer Sammelserie von Kunstreproduktionen des Verlages Gustav Schauer in Berlin. Fotografien Schauers nach Druckgrafiken von Kunstwerken markieren den Übergangsprozess von der Druckgrafik zur Fototechnik als Reproduktions- und Darstellungsmedium in der Kunst. 
Allmers sammelte aus der Reihe kleinformatiger Fotografien diverse Reproduktionen nach Madonnendarstellungen und -thematiken und befestigte diese meist eigenhändig in selbst angefertigte Passepartouts nach dem Vorbild der Praxis des Verlages - hier: Das Christuskind mit Maria in der Krippe nach einer Zeichnung von Celerina Buonajuti nach Giotto, gestochen von Filippo Livy für ein Sammelwerk mit druckgraphischen Reproduktionen italienischer Kunst, hrsg. von Antonio Perfetti, Filippo Livy, Filippo Calendi, Gustavo Bonaini, Domenico Chiossone, Florenz 1845 (fotografierter Stich ebenfalls im NHA erhalten - 6.4.039) (T. Mahler 08/2024)

Aufkleber/Etikett:
"1535./ Giotto. La nascita di Gesù./ (Firenze.)" verso o. mittig (Ausschnitt aus einem Katalog o. Ä. auf die Sammelkarte geleimt (verso))

Quelle:
Galleria Dell'I. E Reale Accademia Delle Belle Arti Di Firenze Pubblicata Con Incisioni In Rame Da Una Società Artistica Ed Illustrata Da Chiare E Intelligenti Penne Italiane Dedicata A Sua Maestà la Regina Maria Cristina Vedova Di Sardegna Infanta Delle Due Sicilie, Firenze 1845.</marc:subfield>
          </marc:datafield>
          <marc:datafield tag="650" ind1="1" ind2=" ">
            <marc:subfield code="a">Grafik, Fotografie &gt; Fotografie</marc:subfield>
          </marc:datafield>
          <marc:datafield tag="773" ind1="0" ind2=" ">
            <marc:subfield code="t">Sammlung und Nachlass Hermann Allmers</marc:subfield>
          </marc:datafield>
          <marc:datafield tag="852" ind1=" " ind2=" ">
            <marc:subfield code="a">Archiv des Landkreises Cuxhaven</marc:subfield>
          </marc:datafield>
          <marc:datafield tag="852" ind1=" " ind2=" ">
            <marc:subfield code="a">Florenz</marc:subfield>
          </marc:datafield>
          <marc:datafield tag="" ind1=" " ind2=" ">
            <marc:subfield code="a">Sammlung und Nachlass Hermann Allmers sind Eigentum der Hermann-Allmers-Gesellschaft e. V. und werden in zwei Teilen an zwei Standorten verwahrt:
Die (museale) Sammlung, bestehend aus Mobiliar und Hausgerät, Tafelgemälden, kleineren und größeren Antiken, Gipsabgüssen, kunsthandwerklichen Objekten aus Keramik und Glas und einer kleinen Bibliothek, befindet sich im Allmers-Haus in Rechtenfleth.
Der literarische, grafische und fotografische "Nachlass Hermann Allmers" hingegen ist im Archiv des Landkreises Cuxhaven in Otterndorf deponiert.</marc:subfield>
          </marc:datafield>
          <marc:datafield tag="" ind1=" " ind2=" ">
            <marc:subfield code="a">Namensnennung - Nicht kommerziell - Keine Bearbeitungen 4.0 International (CC BY-NC-ND 4.0)</marc:subfield>
          </marc:datafield>
        </marc:record>
      </metadata>
    </record>
  </GetRecord>
</OAI-PMH>
